3 and 4 Letter Trees - Statistics

General Stats
  • This quiz has been taken 89 times
  • The average score is 9 of 48
Answer Stats
Trees % Correct
Oak
93%
Pine
84%
Elm
81%
Ash
73%
Palm
66%
Fir
64%
Pear
56%
Yew
53%
Plum
51%
Lime
44%
Fig
42%
Gum
37%
Tea
32%
Rose
18%
Cork
15%
Fern
14%
Bay
10%
Coco
5%
Silk
4%
Acai
3%
Wax
3%
Boab
1%
Milk
1%
Upas
1%
Bael
0%
Bead
0%
Coyo
0%
Dart
0%
Dodo
0%
Dove
0%
Maua
0%
Miro
0%
Neem
0%
Niau
0%
Nioi
0%
Ohia
0%
Oil
0%
Pelu
0%
Puka
0%
Rata
0%
Rimu
0%
Sal
0%
Sipo
0%
Tipu
0%
Titi
0%
Tun
0%
Tung
0%
Waka
0%
No matching quizzes found
Score Distribution
Percent of People with Each Score
Percentile by Number Answered
Your Score History
You have not taken this quiz